000 00467nam a22001697a 4500
999 _c7832
_d7830
005 20210904142804.0
008 210823b ||||| |||| 00| 0 eng d
020 _a9781781955635
041 _aeng
082 _a005.3
100 _aJANSEN, SLINGER AND OTHERS
_96560
245 _aSOFTWARE ECOSYSTEMS: Analyzing and managing business network in the software industry
260 _aU.S.A
_bEDWARD ELGAR
_c2013
300 _a344,p
650 _aLAW
_95701
942 _cBK